| 000 | 01047nam a2200313 i 4500 | ||
|---|---|---|---|
| 001 | 73150 | ||
| 003 | ES-MaACL | ||
| 005 | 20250805063244.0 | ||
| 007 | t| | ||
| 008 | 040907s1978 sp ||||1| spa d | ||
| 017 |
_aM 14512-1978 _bOficina Depósito Legal Madrid |
||
| 020 | _a84-321-1951-2 | ||
| 080 | _a111 | ||
| 080 | _a1 Tomás de Aquino, Santo | ||
| 080 | _a1 Aristóteles | ||
| 100 | 1 |
_aGómez Pérez, Rafael, _d1935- _eaut _958110 |
|
| 245 | 1 | 0 |
_aIntroducción a la metafísica : _b(Aristóteles y Santo Tomás de Aquino) / _cRafael Gómez Pérez |
| 260 |
_aMadrid : _bRialp, _c[1978] |
||
| 300 |
_a265 páginas ; _c19 cm |
||
| 490 | 1 |
_aLibros de bolsillo Rialp ; _v92 _9181424 |
|
| 600 | 0 | 7 |
_aTomás de Aquino, _cSanto _2embne _9110514 |
| 600 | 0 | 7 |
_aAristóteles _2embne _922861 |
| 650 | 7 |
_aMetafísica _2embne _915012 |
|
| 830 | 0 |
_aLibros de bolsillo Rialp ; _v92 _9181424 |
|
| 852 |
_aES-MaACL _bR.97888 _cDEPO1 _jA-9157 |
||
| 942 |
_2udc _cMONOGRAFIA _n0 |
||
| 999 |
_c73150 _d73150 |
||